000 00258nam a2200085Ia 4500
245 0 _aRed, white, and Muslim : my story of belief
100 _a HASAN, Asma Gull New York, NY, [c.2009]
_976487
942 _cBK
008 210817s9999 xx 000 0 und d
999 _c300805
_d300803